[Event "Titled Tuesday intern op 19th Sep Late"]
[Site "Chess.com INT"]
[Date "2023.09.19"]
[Round "11"]
[White "Niekras, Dawid"]
[Black "Vasilevich, Tatjana"]
[Result "1-0"]
[WhiteElo "2298"]
[BlackElo "2302"]
[PlyCount "103"]
[EventDate "2023.09.19"]
[EventType "swiss (blitz)"]
[EventRounds "11"]
[EventCountry "USA"]
[SourceTitle "EXT 2024"]
[Source "ChessBase"]
[SourceDate "2023.10.10"]
[SourceVersion "1"]
[SourceVersionDate "2023.10.10"]
[SourceQuality "1"]

1. e4 c5 2. Nf3 e6 3. d4 cxd4 4. Nxd4 Nf6 5. Nc3 Bb4 6. e5 Ne4 7. Qg4 Nxc3 8. Qxg7 Rf8 9. a3 Qa5 10. axb4 Qxa1 11. Nb3 Qb1 12. bxc3 d6 13. Bd3 a5 14. 0-0 Nd7 15. exd6 a4 16. Nc5 Nxc5 17. Bh6 Qxf1+ 18. Kxf1 Nd7 19. Qg5 f6 20. Qg7 Rf7 21. Qg8+ Nf8 22. Bxf8 Rxf8 23. Qxh7 Rf7 24. Bg6 Kd7 25. Qxf7+ Kxd6 26. Qxf6 a3 27. c4 a2 28. c5+ Kc6 29. Qa1 e5 30. c4 Be6 31. Be4+ Kd7 32. Bd5 Bf5 33. Bxb7 Ra3 34. Bd5 Bg4 35. f3 Bf5 36. c6+ Kc8 37. Be4 Be6 38. Bd5 Bf5 39. b5 Bd3+ 40. Kf2 Bg6 41. c5 Bb1 42. b6 Rd3 43. Be6+ Kd8 44. c7+ Ke7 45. c8Q Rd1 46. Qc7+ Kxe6 47. Qcxe5+ Kd7 48. c6+ Kxc6 49. Qac3+ Kxb6 50. Qec5+ Kb7 51. Q3b4+ Ka8 52. Qca5# 1-0

[Event "Titled Tuesday intern op 19th Sep Early"]
[Site "Chess.com INT"]
[Date "2023.09.19"]
[Round "7"]
[White "Vasilevich, Tatjana"]
[Black "Iljin, Timofey"]
[Result "0-1"]
[WhiteElo "2302"]
[BlackElo "2322"]
[PlyCount "150"]
[EventDate "2023.09.19"]
[EventType "swiss (blitz)"]
[EventRounds "11"]
[EventCountry "USA"]
[SourceTitle "EXT 2024"]
[Source "ChessBase"]
[SourceDate "2023.10.10"]
[SourceVersion "1"]
[SourceVersionDate "2023.10.10"]
[SourceQuality "1"]

1. d4 Nf6 2. g3 g6 3. Bg2 Bg7 4. e4 d6 5. f4 0-0 6. c3 e5 7. fxe5 dxe5 8. d5 c6 9. c4 cxd5 10. cxd5 Ne8 11. Ne2 Nd6 12. 0-0 f5 13. Nbc3 Nd7 14. Be3 Nf6 15. h3 Nc4 16. Bf2 f4 17. b3 Nd6 18. gxf4 exf4 19. e5 Nh5 20. exd6 f3 21. Ne4 fxg2 22. Kxg2 Qd7 23. Rh1 Qf5 24. Qd3 Bd7 25. Raf1 Rae8 26. Nc5 Qxd3 27. Nxd3 Rxe2 28. Re1 Rfe8 29. Rxe2 Rxe2 30. Re1 Rxe1 31. Bxe1 b6 32. a4 Bf5 33. Bh4 Kf7 34. Nb4 Bf6 35. Bf2 Be4+ 36. Kg1 Nf4 37. d7 Nxd5 38. Nc6 Nf4 39. d8Q Bxd8 40. Nxd8+ Ke8 41. Bh4 g5 42. Bxg5 Nxh3+ 43. Kh2 Nxg5 44. Kg3 Kxd8 45. Kf4 Bd5 46. b4 Nf7 47. Kf5 Ke7 48. a5 bxa5 49. bxa5 a6 50. Kf4 Be6 51. Ke4 h5 52. Kd4 h4 53. Ke3 h3 54. Kf2 Ng5 55. Kg1 Kd6 56. Kh2 Kc5 57. Kg3 Kb5 58. Kh2 Kxa5 59. Kg3 Kb5 60. Kh2 Kc5 61. Kg3 Kd5 62. Kh2 Ke5 63. Kg3 a5 64. Kh2 a4 65. Kg3 a3 66. Kh2 a2 67. Kh1 a1Q+ 68. Kh2 Nf3+ 69. Kg3 Qg1+ 70. Kxf3 Bd5+ 71. Ke2 Kd4 72. Kd2 Qe3+ 73. Kc2 Qc3+ 74. Kb1 Qb3+ 75. Ka1 Qa2# 0-1

[Event "Titled Tuesday intern op 19th Sep Late"]
[Site "Chess.com INT"]
[Date "2023.09.19"]
[Round "9"]
[White "Vasilevich, Tatjana"]
[Black "Kovalevsky, Stanislav"]
[Result "1-0"]
[WhiteElo "2302"]
[BlackElo "2163"]
[PlyCount "55"]
[EventDate "2023.09.19"]
[EventType "swiss (blitz)"]
[EventRounds "11"]
[EventCountry "USA"]
[SourceTitle "EXT 2024"]
[Source "ChessBase"]
[SourceDate "2023.10.10"]
[SourceVersion "1"]
[SourceVersionDate "2023.10.10"]
[SourceQuality "1"]

1. Nf3 d5 2. g3 Nf6 3. Bg2 c5 4. b3 Nc6 5. Bb2 g6 6. d4 cxd4 7. Nxd4 Bg7 8. c4 e5 9. Nxc6 bxc6 10. cxd5 Nxd5 11. 0-0 0-0 12. Nc3 Nxc3 13. Bxc3 Qb6 14. Qc2 Bf5 15. e4 Bg4 16. h3 Be6 17. Kh2 c5 18. f4 exf4 19. gxf4 Bxc3 20. Qxc3 Rad8 21. f5 Bc8 22. f6 Rfe8 23. Rad1 Rd4 24. Rxd4 cxd4 25. Qd2 Bb7 26. Kh1 Re6 27. Qf4 d3 28. Qb8+ 1-0

[Event "Titled Tuesday intern op 19th Sep Late"]
[Site "Chess.com INT"]
[Date "2023.09.19"]
[Round "7"]
[White "Vasilevich, Tatjana"]
[Black "Krzywda, Andrzej"]
[Result "0-1"]
[WhiteElo "2302"]
[BlackElo "2210"]
[PlyCount "130"]
[EventDate "2023.09.19"]
[EventType "swiss (blitz)"]
[EventRounds "11"]
[EventCountry "USA"]
[SourceTitle "EXT 2024"]
[Source "ChessBase"]
[SourceDate "2023.10.10"]
[SourceVersion "1"]
[SourceVersionDate "2023.10.10"]
[SourceQuality "1"]

1. Nf3 d5 2. b3 c5 3. Bb2 Nf6 4. g3 g6 5. Bg2 Bg7 6. 0-0 0-0 7. e3 Nc6 8. d4 cxd4 9. Nxd4 Bd7 10. Nxc6 Bxc6 11. Qe2 Rc8 12. Rd1 Qc7 13. Na3 Rfd8 14. Rac1 Qa5 15. h4 Ne8 16. c4 dxc4 17. Bxg7 Nxg7 18. Nxc4 Qa6 19. Bxc6 Qxc6 20. Rxd8+ Rxd8 21. Rd1 Ne6 22. Rxd8+ Nxd8 23. Qd3 Ne6 24. e4 Kg7 25. f3 Qc5+ 26. Kg2 b5 27. Ne3 Nd4 28. f4 e6 29. h5 a6 30. hxg6 hxg6 31. Qd2 Nc6 32. Qb2+ Qd4 33. Qxd4+ Nxd4 34. Kf1 Kf6 35. Ke1 Ke7 36. Kd2 Kd6 37. Kd3 Nc6 38. a3 Kc5 39. b4+ Kd6 40. e5+ Kc7 41. Nc2 Ne7 42. Ne3 Kc6 43. Ke4 Nc8 44. Kd4 Nb6 45. g4 Nd7 46. g5 Nb6 47. Ng4 Nd5 48. Ke4 Nc3+ 49. Kd3 Nd5 50. Ke4 Nc3+ 51. Ke3 Nd5+ 52. Kf3 Nc3 53. Nh6 Nb1 54. Nxf7 Nxa3 55. Nh8 a5 56. Nxg6 axb4 57. Nf8 b3 58. g6 b2 59. g7 b1Q 60. g8Q Qf1+ 61. Ke3 Nc4+ 62. Kd4 Qxf4+ 63. Kd3 Qe3+ 64. Kc2 Qd2+ 65. Kb1 Qb2# 0-1

[Event "Titled Tuesday intern op 19th Sep Early"]
[Site "Chess.com INT"]
[Date "2023.09.19"]
[Round "4"]
[White "Vasilevich, Tatjana"]
[Black "Polanco Nunez, Yoel Estarling"]
[Result "1-0"]
[WhiteElo "2302"]
[BlackElo "2204"]
[PlyCount "83"]
[EventDate "2023.09.19"]
[EventType "swiss (blitz)"]
[EventRounds "11"]
[EventCountry "USA"]
[SourceTitle "EXT 2024"]
[Source "ChessBase"]
[SourceDate "2023.10.10"]
[SourceVersion "1"]
[SourceVersionDate "2023.10.10"]
[SourceQuality "1"]

1. Nf3 Nf6 2. b3 d5 3. Bb2 c6 4. g3 Bf5 5. Bg2 Nbd7 6. 0-0 e6 7. d3 Be7 8. Nbd2 0-0 9. h3 h6 10. Re1 Bh7 11. e4 a5 12. Qe2 a4 13. Rad1 axb3 14. axb3 Ra2 15. Rb1 Qc7 16. c4 Bb4 17. Rec1 Qa5 18. Ra1 Rxa1 19. Rxa1 Qc7 20. Ne1 Re8 21. e5 Bxd2 22. exf6 Bxe1 23. Rxe1 Nxf6 24. Bxf6 gxf6 25. cxd5 cxd5 26. Bxd5 Rd8 27. Bc4 Qc5 28. h4 Qd4 29. Qf3 Bxd3 30. Rd1 Bxc4 31. Rxd4 Rxd4 32. bxc4 Rxc4 33. Qxf6 b5 34. Qxh6 Rc5 35. Qe3 Rd5 36. Qe4 Kg7 37. g4 Kf8 38. Kg2 Ke7 39. h5 f5 40. gxf5 Rxf5 41. h6 Kf7 42. Qg4 1-0

[Event "Titled Tuesday intern op 19th Sep Late"]
[Site "Chess.com INT"]
[Date "2023.09.19"]
[Round "5"]
[White "Vasilevich, Tatjana"]
[Black "Toniutti, Ezio"]
[Result "0-1"]
[WhiteElo "2302"]
[BlackElo "2184"]
[PlyCount "108"]
[EventDate "2023.09.19"]
[EventType "swiss (blitz)"]
[EventRounds "11"]
[EventCountry "USA"]
[SourceTitle "EXT 2024"]
[Source "ChessBase"]
[SourceDate "2023.10.10"]
[SourceVersion "1"]
[SourceVersionDate "2023.10.10"]
[SourceQuality "1"]

1. e4 e5 2. Nf3 Nc6 3. Bb5 a6 4. Ba4 d6 5. 0-0 Bg4 6. h3 h5 7. Re1 Qf6 8. Bxc6+ bxc6 9. d3 Ne7 10. Kf1 Bxf3 11. Qxf3 Qxf3 12. gxf3 Ng6 13. Nc3 Be7 14. Ne2 f6 15. f4 Kf7 16. f5 Nh4 17. f4 Rag8 18. fxe5 dxe5 19. Kf2 g6 20. fxg6+ Rxg6 21. Rg1 Rxg1 22. Nxg1 Rg8 23. Be3 Rg2+ 24. Kf1 Rxc2 25. b3 Ng2 26. Bc1 Bc5 27. Ne2 Bd4 28. Rb1 Rxa2 29. Bh6 Nh4 30. Rc1 c5 31. Nxd4 cxd4 32. Rxc7+ Kg6 33. Bc1 Nf3 34. b4 Nh2+ 35. Ke1 Nf3+ 36. Kd1 h4 37. Rc6 Ng1 38. Rc2 Rxc2 39. Kxc2 Nxh3 40. Kd1 Nf4 41. Ke1 Nxd3+ 42. Kf1 Nxc1 43. Kg2 Nd3 44. Kh3 Nxb4 45. Kxh4 d3 46. Kg4 d2 47. Kf3 d1Q+ 48. Kf2 Qd4+ 49. Kf1 Nd3 50. Kg2 Qf2+ 51. Kh1 Qf3+ 52. Kh2 Qxe4 53. Kg1 Nf4 54. Kh2 Qg2# 0-1